Biggest albums(by female rappers) - Statistics

General Stats
  • This quiz has been taken 26 times
  • The average score is 7 of 20
Answer Stats
Rank Album Artist Release % Correct
1 Invasion Of Privacy Cardi B 2018
88%
5 Pink Friday Nicki Minaj 2010
88%
3 Scarlet Doja cat 2023
59%
8 Pink Friday 2 Nicki Minaj 2023
53%
10 The Miseducation Of L.H. Lauryn Hill 1998
53%
14 Megan Megan Thee Stallion 2024
47%
20 Alligator Bites Never Heal Doechii 2024
41%
7 Amala Doja cat 2018
41%
2 The Pinkprint Nicki Minaj 2014
41%
4 Queen Nicki Minaj 2018
35%
11 Like? Ice Spice 2023
29%
13 Traumazine Megan Thee Stallion 2022
29%
9 Good News Megan Thee Stallion 2021
24%
15 Suga Megan Thee Stallion 2020
24%
16 Something For Thee Hotties Megan Thee Stallion 2021
18%
17 15 Bhad Bhabie 2018
6%
18 777 Latto 2022
6%
19 Broke With Expensive Taste Azealia Banks 2014
6%
6 Reclassified Iggy Azalea 2014
6%
12 Kala M.I.A. 2007
0%
No matching quizzes found
Score Distribution
Percent of People with Each Score
Percentile by Number Answered
Your Score History
You have not taken this quiz